000 00424cam a22001337a 4500
008 180718b1971 xxu||||| |||| 00| 0 eng d
082 _aA2:A6 P273
245 _aHistory and culture: select bibliographies
_cedited by H.S. Patil and Rani Bina
260 _aDelhi
_bIndian Council for Cultural Relations
_c1971
300 _a216p.
650 _aIndia - History - Bibliographyes
700 _aBina, Rani
700 _aPatil, H.S.
999 _c351750
_d351750